¿Quo vadis, América Latina? El estudio de la opinión pública regional en el latinobarómetro /
El artículo presenta al Latinobarómetro, un estudio regional, dirigido por una corporación privada, de seguimiento de la opinión pública a través de una encuesta que se realiza anualmente desde 1995, abarcando a 17 países de América Latina. Se presentan los principales elementos metodológicos y orga...
Сохранить в:
| Главный автор: | |
|---|---|
| Формат: | Текст |
| Предметы: | |
| Метки: |
Добавить метку
Нет меток, Требуется 1-ая метка записи!
|
MARC
| LEADER | 00000 a a2200000 04500 | ||
|---|---|---|---|
| 001 | 3803 | ||
| 003 | |||
| 040 | |||
| 100 | |a Lagos, Marta | ||
| 245 | |a ¿Quo vadis, América Latina? El estudio de la opinión pública regional en el latinobarómetro / |c Marta Lagos | ||
| 520 | |a El artículo presenta al Latinobarómetro, un estudio regional, dirigido por una corporación privada, de seguimiento de la opinión pública a través de una encuesta que se realiza anualmente desde 1995, abarcando a 17 países de América Latina. Se presentan los principales elementos metodológicos y organizativos de la iniciativa y se analizan algunos de sus principales resultados, enfatizando especialmente la baja confianza interpersonal existente entre los latinoamericanos y un cierto bajo apoyo a la democracia, que va unido a una baja satisfacción con el desempeño del orden pluralista. DOC/WMV | ||
| 650 | |a METODOS DE INVESTIGACION | ||
| 650 | |a ENCUESTAS | ||
| 650 | |a RECOPILACION DE DATOS | ||
| 650 | |a ENCUESTAS DE OPINION PUBLICA | ||
| 650 | |a ENCUESTAS SOCIALES | ||
| 650 | |a ESTUDIOS DE MERCADO | ||
| 650 | |a SISTEMAS POLITICOS | ||
| 650 | |a POLITICA | ||
| 650 | |a PARTIDOS POLITICOS | ||
| 650 | |a DEMOCRACIA | ||
| 650 | |a DEMOCRATIZACION | ||
| 650 | |a ELECCIONES | ||
| 650 | |a DERECHOS CIVILES | ||
| 650 | |a PARTICIPACION P | ||
| 650 | |a ENCUESTAS | ||
| 650 | |a RECOPILACION DE DATOS | ||
| 650 | |a SISTEMAS POLITICOS | ||
| 650 | |a DEMOCRACIA | ||
| 650 | |a ELECCIONES | ||
| 650 | |a PARTICIPACION POLITICA | ||
| 650 | |a COMPORTAMIENTO POLITICO | ||
| 650 | |a VOTACION | ||
| 650 | |a PROBLEMAS SOCIALES | ||
| 650 | |a PROBLEMAS POLITICOS | ||
| 650 | |a SEGURIDAD SOCIAL | ||
| 650 | |a COMUNICACION | ||
| 650 | |a COMUNICACION DE MASAS | ||
| 650 | |a TELECOMUNICACIONES | ||
| 650 | |a SI | ||
| 773 | |g volumen 16, número 2 (62); páginas 31-53 | ||
| 999 | |c 39854 |d 39854 | ||
